| Tag |
First Indicator |
Second Indicator |
Subfields |
| LEADER |
00000cam a22000001a 4500 |
| 001 |
in00003370149 |
| 006 |
m d f |
| 007 |
cr bn mmmapmmp |
| 008 |
100727s2003 dcu o f000 0 eng d |
| 005 |
20260430150757.3 |
| 035 |
|
|
|a cis2007903455
|
| 040 |
|
|
|a ProQuest
|c ProQuest
|d UtOrBLW
|
| 043 |
|
|
|a n-us---
|
| 099 |
|
|
|a CRS-2003-RSI-0398
|
| 110 |
2 |
|
|a Library of Congress.
|b Congressional Research Service.
|
| 245 |
1 |
0 |
|a Broadband Internet Access and the Digital Divide :
|b Federal Assistance Programs.
|
| 264 |
|
1 |
|a [Place of publication not identified] :
|b [publisher not identified],
|c 2003.
|
| 300 |
|
|
|a 1 online resource.
|
| 336 |
|
|
|a text
|b txt
|2 rdacontent
|
| 337 |
|
|
|a computer
|b c
|2 rdamedia
|
| 338 |
|
|
|a online resource
|b cr
|2 rdacarrier
|
| 500 |
|
|
|a Record is based on bibliographic data in ProQuest U.S. Congressional Research Digital Collection (last viewed July 2010). Reuse except for individual research requires license from ProQuest, LLC.
|
| 500 |
|
|
|a CRS Report.
|
| 520 |
|
|
|a Examines the issue of broadband Internet access and the "digital divide," a term used to describe the lack of access to and use of telecommunications technologies among low-income and other underserved communities. Considers the Federal role in telecommunications development, including Department of Commerce, FCC, and Rural Utilities Service programs. Summarizes legislation in the 107th and 108th Congresses regarding broadband deployment assistance, and examines related policy issues.
|
| 500 |
|
|
|a Electronic resource.
|
| 650 |
|
0 |
|a Federal aid.
|
| 650 |
|
0 |
|a Internet.
|
| 650 |
|
0 |
|a Technological innovations.
|
| 655 |
|
7 |
|a Electronic books.
|2 local
|
| 710 |
2 |
|
|a ProQuest (Firm)
|
| 776 |
0 |
8 |
|i Microfiche version:
|a Library of Congress. Congressional Research Service.
|t Broadband Internet Access and the Digital Divide: Federal Assistance Programs
|
| 830 |
|
0 |
|a U.S. Congressional Research.
|
| 856 |
4 |
0 |
|u http://proxy.library.tamu.edu/login?url=https://congressional.proquest.com/congcomp/getdoc?CRDC-ID=CRS-2003-RSI-0398
|z Connect to the full text of this electronic book
|t 0
|
| 999 |
|
|
|a MARS
|
| 999 |
f |
f |
|s 8601096f-76ee-3309-8fe3-e041de628e56
|i 8107d63c-3d03-3f83-a390-eb9f7f92e40a
|t 0
|
| 952 |
f |
f |
|a Texas A&M University
|b College Station
|c Electronic Resources
|s www_evans
|d Available Online
|t 0
|e CRS-2003-RSI-0398
|h Other scheme
|
| 998 |
f |
f |
|a CRS-2003-RSI-0398
|t 0
|l Available Online
|